000 00601nam a2200241 a 4500
001 nice12345678
003 IN_TiNIC
005 20260116011507.0
008 050524s0000 laha grp 000 0 urd
020 _a
_c100
082 0 0 _a297.8
_bPAR3
100 _aParwez, Ghulam Ahmed
245 _aFirqe Kaise Mit Sakte Hain
260 _aLahore
_bTuloo-E-Islam Press
_c0000
300 _a32p
500 _aincludes index and biblioraphy
505 2 _aEpilogue, Notes
650 _aIslam-Movements-barelvi
700 1 _aParwez, Ghulam Ahmed
902 _bSRS
942 _cBK
999 _c2022
_d2022